00526nam a22001697a 450000500170000000800410001702000220005804000140008010000160009424500590011026000330016930000360020244000230023850000570026163000240031865000140034220170712110201.0170712b xxu||||| |||| 00| 0 eng d a978-2-8041-0706-2 aBUACcBUC aJoly, Bruno aLa vente et ses techniques pratiquesc/ par Bruno Joly aBruxelles :bDe Boeck,c2010 a109 p.bcouv. en coul. ;c19 cm a( Le point sur...) aGlossaire pp.(93-94) Bibliogr. p. 95 Index p .103  aSCIENCES APPLIQUEES amarketing